Las aventuras de Tom Sawyer / (Registro nro. 7887)

Detalles MARC
000 -LEADER
fixed length control field 00979nam a2200301 a 4500
001 - CONTROL NUMBER
control field 000005360
003 - CONTROL NUMBER IDENTIFIER
control field DO-SdBNP
005 - DATE AND TIME OF LATEST TRANSACTION
control field 20170524150418.0
007 - PHYSICAL DESCRIPTION FIXED FIELD--GENERAL INFORMATION
fixed length control field 000005360
008 - FIXED-LENGTH DATA ELEMENTS--GENERAL INFORMATION
fixed length control field 090819s200u dr a 000 0 spa d
020 ## - INTERNATIONAL STANDARD BOOK NUMBER
International Standard Book Number 9993476536
040 ## - CATALOGING SOURCE
Original cataloging agency BPMSU
Language of cataloging spa
Transcribing agency BPMSU
092 ## - LOCALLY ASSIGNED DEWEY CALL NUMBER (OCLC)
Classification number 813
Item number H564a
100 1# - MAIN ENTRY--PERSONAL NAME
Personal name Herrada, Judith
245 14 - TITLE STATEMENT
Title Las aventuras de Tom Sawyer /
Statement of responsibility, etc. Mark Twain ; versión Judith Herrada ; ilustraciones José Lovera.
260 ## - PUBLICATION, DISTRIBUTION, ETC. (IMPRINT)
Place of publication, distribution, etc. Santo Domingo :
Name of publisher, distributor, etc. Tobogán,
Date of publication, distribution, etc. [200-].
300 ## - PHYSICAL DESCRIPTION
Extent 80 p. :
Other physical details il. ;
Dimensions 23 cm.
490 1# - SERIES STATEMENT
Series statement Clásicos universales Tobogán
500 ## - GENERAL NOTE
General note Incluye datos biográficos del autor en la contracubierta
650 ## - SUBJECT ADDED ENTRY--TOPICAL TERM
Topical term or geographic name as entry element CUENTOS INFANTILES ESTADOUNIDENSES
650 ## - SUBJECT ADDED ENTRY--TOPICAL TERM
Topical term or geographic name as entry element LITERATURA INFANTIL ESTADOUNIDENSE
700 12 - ADDED ENTRY--PERSONAL NAME
Personal name Twain, Mark,
Dates associated with a name 1835-1910.
700 12 - ADDED ENTRY--PERSONAL NAME
Personal name Lovera, José,
Relator code il.
830 #0 - SERIES ADDED ENTRY--UNIFORM TITLE
Uniform title Clásicos universales Tobogán
942 ## - ADDED ENTRY ELEMENTS (KOHA)
Source of classification or shelving scheme Dewey Decimal Classification
Koha item type Libros
956 ## - LOCAL ELECTRONIC LOCATION AND ACCESS (OCLC)
Host name VMATEO
Access number 10
Compression information 20150518
Processor of request 00151
956 ## - LOCAL ELECTRONIC LOCATION AND ACCESS (OCLC)
Host name Reusar registro
Existencias
Withdrawn status Lost status Source of classification or shelving scheme Damaged status Not for loan Collection code Home library Current library Date acquired Total Checkouts Full call number Barcode Date last seen Price effective from Koha item type
    Dewey Decimal Classification       Biblioteca Pública Metropolitana Salomé Ureña Biblioteca Pública Metropolitana Salomé Ureña 05/18/2015   813 H564a BPMSU15051755 05/18/2015 05/18/2015 Libros